Učebné osnovy : špeciálne kurzy ruského jazyka pre pracujúcich : špeciálny kurz ruského jazyka pre pracujúcich so zamerením na konverzáciu : špeciálny kurz ruského jazyka pre pracujúcich so zamerením na preklad /

Hlavní autor: Fogta, Alfréd, 1925-1980
Korporativní autor: Svaz československo-sovětského přátelství. Slovenský ústredný výbor
Jazyk: Ruština
Slovenština
Vydáno: Bratislava : Obzor, 1979
Fyzický popis: 23 s. ; 4°
Knihy
Uloženo v:
LEADER 01032nam a22002412a 4500
001 001720182
003 CZ BrMZK
005 20200520074347.0
007 ta
008 191203s1979 xo er|||||||||||slo d
040 |a ABA001  |b cze  |c ABA001  |d ABA001  |d BOA001 
041 0 |a slo  |a rus 
080 9 |a 373.512.14:808.2 
100 1 |a Fogta, Alfréd,  |d 1925-1980  |7 mzk2002139928  |4 aut 
245 1 0 |a Učebné osnovy :  |b špeciálne kurzy ruského jazyka pre pracujúcich : špeciálny kurz ruského jazyka pre pracujúcich so zamerením na konverzáciu : špeciálny kurz ruského jazyka pre pracujúcich so zamerením na preklad /  |c Alfréd Fogta 
260 |a Bratislava :  |b Obzor,  |c 1979 
300 |a 23 s. ;  |c 4° 
550 |a Vydavatel: Slovenský ústredný výbor ZČSSP 
710 2 |a Svaz československo-sovětského přátelství.  |b Slovenský ústredný výbor  |7 ko2016934060 
910 |a BOA001  |b X2-0800.146 
990 |a BK 
991 |b 201912 
996 7 |b 2618855462  |c X2-0800.146  |l MZK  |r Sklad / do 24 hodin  |n 0  |w 001771124  |u 000010  |a 1  |e BOA001  |j MZK50  |s A